000 01305cam a2200313 i 4500
001 18165587
003 Nust- CAS-E
005 20180118181406.0
008 140527s2014 ne b 001 0 eng
010 _a 2014011894
020 _a9780128005729
040 _aDLC
_beng
_cDLC
_erda
_dDLC
042 _apcc
050 0 0 _aTK1010
_b.M664 2014
082 0 0 _a621.31
_223
_bMON-P 2014
100 1 _aMondal, Debashis,
_d1978-
245 1 0 _aPower system small signal stability analysis and control /
_cDebasish Mondal, Haldia Institute of Technology, P.O. -Hatiberia, HIT, Purba Medinipur, Haldia-721657, Abhijit Chakrabarti, Bengal Engineering & Science University, P.O. -B. Garden, Shibpur, Howrah-711103, Aparajita Sengupta, Bengal Engineering and Science University, P.O. -B. Garden, Shibpur, Howrah-711103.
250 _aFirst edition.
300 _axviii, 317 pages ;
_c24 cm
502 _a0
504 _aIncludes bibliographical references and index.
650 0 _aElectric power system stability.
650 0 _aElectric power systems
_xControl.
700 1 _aChakrabarti, Abhijit.
700 1 _aSengupta, Aparajita.
906 _a7
_bcbc
_corignew
_d1
_eecip
_f20
_gy-gencatlg
942 _2ddc
_cBK
999 _c355592
_d355592